000 00582nam a22002297a 4500
003 UA-OsUOA
001 30101
007 ta
008 20041103b un ||||| |||| 00| 0 ukr d
090 _a913(591)
_bБ64
942 _cBK
040 _aUA-OsUOA
_brus
_cUA-OsUOA
_dUA-OsUOA
245 _aБирма
_bСправочник
_cРед. А. Н.Узянов А. А.Симоний
300 _a392 с.
_bІлюстрації
955 _a0
041 _arus
080 _a913(591)
260 _aМосква
_bНаука
_c1982
044 _aRU
650 7 _2UDC
999 _c316508
_d316508